| 000 | 00590nam a2200205 a 4500 | ||
|---|---|---|---|
| 005 | 20220610063457.0 | ||
| 008 | 060317s2003 es r 000 0 spa d | ||
| 020 | _a8481915696 | ||
| 035 | _aUPN01000143350 | ||
| 049 | _aCG | ||
| 050 | 4 |
_aPT6466.18 E7.6 _bC4.8 |
|
| 100 | 1 |
_aHertmans, Stefan, _d1951- |
|
| 245 | 1 | 0 |
_aCiudades / _cStefan Hertmans ; tr. de Julio Grande. |
| 260 |
_aMadrid : _bPre-textos, _c2003. |
||
| 300 |
_a327 p. : _bil. |
||
| 440 | 0 |
_aCosmopolis ; _v1 |
|
| 600 | 1 | 4 |
_aHERTMANS, STEFAN, _d1951- - _xVIAJES _93661 |
| 650 | 0 |
_aViajes y travesÃas _911045 |
|
| 905 | _aLibro | ||
| 999 |
_c115497 _d115497 |
||